书目信息 |
| 题名: |
寂静的春天
|
|
| 作者: | 卡逊 著 ;刘靖 译 | |
| 分册: | ||
| 出版信息: | 北京 煤炭工业出版社 2018 |
|
| 页数: | 242页 | |
| 开本: | 21cm | |
| 丛书名: | ||
| 单 册: | ||
| 中图分类: | X-4 | |
| 科图分类: | ||
| 主题词: | 环境保护--普及读物 | |
| 电子资源: | ||
| ISBN: | 978-7-5020-6044-2 | |
| 000 | 01071nam0 2200277 450 | |
| 001 | 012001004163 | |
| 005 | 20140928162349.0 | |
| 010 | @a978-7-5020-6044-2@dCNY36.80 | |
| 100 | @a20180412d2018 em y0chiy50 ea | |
| 101 | 1 | @achi@ceng |
| 102 | @aCN@b110000 | |
| 105 | @ay z 000ay | |
| 106 | @ar | |
| 200 | 1 | @a寂静的春天@9ji jing de chun tian@f(美)蕾切尔·卡逊著@g刘靖译 |
| 210 | @a北京@c煤炭工业出版社@d2018 | |
| 215 | @a242页@d21cm | |
| 312 | @a封面英文题名:Silent spring | |
| 314 | @a蕾切尔·卡森,女,出生于宾夕法尼亚州,1932年在霍普金斯大学获动物学硕士学位。出版有《海风下》《我们周围的海洋》《海洋的边缘》等。 | |
| 330 | @a本书以寓言故事开头,向我们描绘了一个美丽村庄的突变,并从陆地到海洋、天空,多个角度展现和分析了化学农药的危害。本书不仅有严谨求实的科学理性精神,而且文字优美细腻,充溢着敬畏自然与生命的人文情怀。 | |
| 510 | 1 | @aSilent spring@zeng |
| 606 | 0 | @a环境保护@j普及读物 |
| 690 | @aX-4@v5 | |
| 701 | 0 | @c(美)@a卡逊@9ka xun@4著 |
| 702 | 0 | @a刘靖@9liu jing@4译 |
| 801 | 0 | @aCN@b上海新华@c20180901 |
| 905 | @b1164417-21@dX-4@e237@f5 | |
| 寂静的春天/(美)蕾切尔·卡逊著/刘靖译.-北京:煤炭工业出版社,2018 |
| 242页;21cm |
| ISBN 978-7-5020-6044-2:CNY36.80 |
| 本书以寓言故事开头,向我们描绘了一个美丽村庄的突变,并从陆地到海洋、天空,多个角度展现和分析了化学农药的危害。本书不仅有严谨求实的科学理性精神,而且文字优美细腻,充溢着敬畏自然与生命的人文情怀。 |
| ● |
| 相关链接 |
|
|
|
|
正题名:寂静的春天
索取号:X-4/237
 
预约/预借
| 序号 | 登录号 | 条形码 | 馆藏地/架位号 | 状态 | 备注 |
| 1 | 1164417 | 211644176 | 第二样本阅览室/ [索取号:X-4/237] | 在馆 | |
| 2 | 1164418 | 211644185 | 第三借阅区/ [索取号:X-4/237] | 在馆 | |
| 3 | 1164419 | 211644194 | 第三借阅区/ [索取号:X-4/237] | 在馆 | |
| 4 | 1164420 | 211644201 | 第三借阅区/ [索取号:X-4/237] | 在馆 | |
| 5 | 1164421 | 211644210 | 第三借阅区/ [索取号:X-4/237] | 在馆 |